000 00571nam a2200193 a 4500
005 20240925065113.0
008 991125s1977 es 000 0 spa u
035 _aUPN01000002594
049 _aCG
050 4 _aHM251
_bM4.38 1977
100 1 _aMeigniez, Robert
245 1 3 _aEl análisis de grupo :
_bperspectivas existenciales /
_cRobert Meigniez ; tr. Daniel Vidal.
250 _a2a ed.
260 _aMadrid :
_bMarova,
_c1977.
300 _a192 p.
440 0 _aBiblioteca Marova de estudios del hombre ;
_v7
650 4 _aPsicologĂ­a social
_95889
905 _aLibro
999 _c2594
_d2594